Estudio de la fertilidad de individuos híbridos entre el cultivo de colza y la maleza Brassica rapa /

Guardado en:
Autor Principal: Erichs, Juliana.
Autor Corporativo: Universidad Nacional del Sur. Departamento de Agronomía.
Otros Autores: Ureta, María Soledad, (tutor.)
Formato: Libro
Idioma:Spanish
Publicado: Bahía Blanca, 2018.
Etiquetas: Agregar Etiqueta
Sin Etiquetas, Sea el primero en etiquetar este registro!
LEADER 00745nam a22001695a 4500
001 EEA.libagro010950
005 20181010080301.0
008 180306s2018####ag#a##########000#0#spa#d
082 0 4 |a 633.853 
100 1 |a Erichs, Juliana. 
245 1 0 |a Estudio de la fertilidad de individuos híbridos entre el cultivo de colza y la maleza Brassica rapa /  |c Juliana Erichs. 
260 |a Bahía Blanca,  |c 2018. 
300 |a 38 h. :  |b il. col., fot. col. ;  |c 30 cm. 
500 |a Trabajo de intensificación (Ingeniero Agrónomo) -- Universidad Nacional del Sur. Departamento de Agronomía, 2018. 
700 1 |a Ureta, María Soledad,  |e tutor. 
710 2 |a Universidad Nacional del Sur.  |b Departamento de Agronomía. 
859 |a AR-BbBCA  |b BIB. AGRONOMIA  |h 633.853  |i E68  |p 2018/6878